000 00307nam a22001337a 4500
008 170425b xxu||||| |||| 00| 0 eng d
020 _a9781269250245
041 _aeng
080 _a54
100 _a12
101 _aSHM
245 _aTHE PEARSON CUSTOM LIBRARY CHEMISTRY
_cTRO.N.J
942 _2udc
_cBK
999 _c11847
_d11847